MDQL
is popping MORE tags! Check the
thread
!
Quizzes
Events
Quiz Creation
Community
Videos
Private Events
Remove Ads
Sign In
Join for FREE
Feedback
Dark Mode
Quiz Categories
Sports
Geography
Music
Movies
Television
Just For Fun
Miscellaneous
History
Literature
Language
Science
Gaming
Entertainment
Religion
Holiday
For Kids
Quiz Lab
Recent
Popular Today
Quiz Kudos Today
Editor Picks
Curator Picks
Quizzes by...
Day
Popularity
Type
Ratings
Length
Year
Community
Subscriptions
Recent Discussions
Orange Saloon
Badges
Playlists
Quests
Create
Leaderboards
Showdown
Live 5
Trivia Bingo
Activity
Puzzle Library
Sporcle Events
Private Events
Virtual Trivia
Globe League
Become a Host
Pub Owners
SporcleCon
Opinionation
Our Games
Videos
Blog
Mobile Apps
Partnerships
Remove Ads and Go Orange
Feedback
Movies
Disney
Marvel Cinematic Universe
Movie Resume
Movie Titles
Oscar
Actor
Actress
Director
Pixar
Role
Movie Quotes
Movie Characters
Box Office
Nominee
Best Picture
Star Wars
James Bond
Horror Movies
Movies
Disney
Marvel Cinematic Universe
Movie Resume
Movie Titles
Oscar
Actor
Actress
Director
Pixar
Role
Movie Quotes
Movie Characters
Box Office
Nominee
Best Picture
Star Wars
James Bond
Horror Movies
Random Quiz
Search Sporcle
×
Quiz Lab
Quiz Lab
Movies
Actor
Type in answers that appear in a list
Type in answers that appear in a list
Classic
Best Score? Go Orange.
Best Actress Oscar Movies Stats
Can you name the Movies for which these actresses won the Academy Award for Best Leading Actress?
By
Darbicus
15m
83 Questions
721 Plays
721 Plays
721 Plays
Comments
Comments
Give Quiz Kudos
Give Quiz Kudos
-
- Ratings
hide this ad
Replay
Link that replays current quiz
Next Quiz
Link to next quiz in quiz playlist
You Got
0%
They Got
Avg Score
71%
Avg Friend Score
Upgrade to see
Score Distribution
Jump to the score distribution portion of the page
Score
0/83
Timer
15:00
0
Plays Today
Year
Movie
% Correct
2006
The Queen
95.3%
1991
The Silence of the Lambs
95%
2003
Monster
94.6%
2005
Walk the Line
94%
2004
Million Dollar Baby
93.9%
2009
The Blind Side
92.9%
1989
Driving Miss Daisy
92.4%
1996
Fargo
92.1%
1998
Shakespeare in Love
92.1%
2008
The Reader
91.5%
1939
Gone With the Wind
91.4%
2001
Monster's Ball
91%
1977
Annie Hall
90.7%
1987
Moonstruck
90.6%
2000
Erin Brockovich
90.6%
1975
One Flew Over the Cuckoo's Nest
90.4%
1999
Boys Don't Cry
90%
1964
Mary Poppins
89.3%
1972
Cabaret
89.3%
1982
Sophie's Choice
89.3%
1990
Misery
88.9%
1997
As Good As It Gets
88.3%
2002
The Hours
87%
1983
Terms of Endearment
86.3%
1980
Coal Miner's Daughter
85.9%
1995
Dead Man Walking
85.9%
1968
Funny Girl
85.6%
1993
The Piano
85.6%
Year
Movie
% Correct
1979
Norma Rae
85%
1981
On Golden Pond
85%
1976
Network
82.5%
1951
A Streetcar Named Desire
81.6%
2007
La Vie en Rose
80.2%
1988
The Accused
80%
1966
Who's Afraid of Virginia Woolf?
77.5%
1986
Children of a Lesser God
77.4%
1953
Roman Holiday
76%
1992
Howards End
75%
1968
The Lion in Winter
74.9%
1974
Alice Doesn't Live Here Anymore
73.9%
1994
Blue Sky
73.8%
1969
The Prime of Miss Jean Brodie
73.6%
1971
Klute
73.5%
1934
It Happened One Night
73%
1942
Mrs. Miniver
72.7%
1956
Anastasia
72.3%
1978
Coming Home
71.3%
1962
The Miracle Worker
70.3%
1967
Guess Who's Coming to Dinner
70.2%
1960
Butterfield 8
69.1%
1957
The Three Faces of Eve
65.5%
1984
Places in the Heart
64.6%
1963
Hud
63.1%
1945
Mildred Pierce
62%
1938
Jezebel
61%
1954
The Country Girl
61%
Year
Movie
% Correct
1961
Two Women
60.7%
1944
Gaslight
58.9%
1943
The Song of Bernadette
57.8%
1985
The Trip to Bountiful
56.4%
1948
Johnny Belinda
56.3%
1958
I Want to Live!
55.9%
1970
Women in Love
55.1%
1965
Darling
54.1%
1940
Kitty Foyle
52.3%
1932-
33
Morning Glory
51.6%
1937
The Good Earth
50.8%
1936
The Great Ziegfeld
50.1%
1955
The Rose Tattoo
49.9%
1949
The Heiress
48.8%
1950
Born Yesterday
48.5%
1935
Dangerous
48.4%
1973
A Touch of Class
47%
1941
Suspicion
46.6%
1947
The Farmer's Daughter
46%
1927-
28
Seventh Heaven
45.1%
1930-
31
Min and Bill
44.4%
1952
Come Back, Little Sheba
43.7%
1931-
32
The Sin of Madelon Claudet
42.9%
1929-
30
The Divorcee
42.7%
1959
Room at the Top
42.7%
1928-
29
Coquette
40.8%
1946
To Each His Own
32.3%
Quiz Playlist
Details
Report
Send in Message
Add To Playlist
Classic:
Type in answers that appear in a list
Last Updated: Feb 15, 2019
Quiz Scoreboard
CHALLENGE
Sign Up to Join the Scoreboard
Show All
Scores
Hide
Comments
May contain spoilers
Recently Published
Colored Red Africa Blitz
by spor1
Geography
30s
Find the 'City' Movie
by crazypaving
Movies
60s
5x2 Blitz: Bands
by SL_Kpop136
Music
30s
More to Explore
Quiz From the Vault
Featured Blog Post
14 Easter Pick-up Lines to Find Eggs With
hide this ad
You Might Also Like...
Tags
Actor Quiz
Actress Quiz
Oscar Quiz
Academy
Award
Character
Leading
Won
Today's Top Quizzes in Movies
Browse Movies
hide this ad
Today's Top Quizzes in Actor
Browse Actor
Top Contributed Quizzes in Movies
1
Find The 'Big' Movie
2
Find The 'Blue' Movie
3
Find The 'Wild' Movie
4
Movies By Plot
5
Hidden Star Wars Character II
6
Pick 5 Posters: Directed by Spielberg
7
Hidden Star Wars Character III
8
Hidden Star Wars Character IV
9
25 Best Actor Nominees (1990s)
10
Alfred Hitchcock Movies by Plot
Explore More
Trending Topics
NBA
Kpop
Crossword
Anime
Disney
Marvel
Harry Potter
WWE
Song
The Office
Soccer
Pokémon
Country
NFL
Puzzle
hide this ad
More By:
Darbicus
Quiz
Plays
Rating
Category
Featured
Created
Golden Globes (Drama)
71,200
4.14
Movies
Sep 25, 2009
Big 4 Oscar Winners
11,880
4.66
Movies
Nov 4, 2010
TSPDT's Top 250 Directors
5,922
4.24
Movies
Sep 26, 2009
Star Trek Voyager Episodes
2,651
3.29
Television
Sep 30, 2009
Top 100 Homerun Hitters
2,354
4.25
Sports
Apr 25, 2010
Go to Creator's Profile
Score Distribution
Quiz Creator Spotlight
Darbicus
Follow
Send a Message
Quizzes Created
-
Created Quiz Play Count
-
More By This Creator
Popular Quizzes Today
1
Colored Red Africa Blitz
2
Find the 'City' Movie
3
5x2 Blitz: Bands
4
Find the US States - No Outlines Minefield
5
The Countries of the World
6
Find the US States
7
US States
8
Find the Countries of Europe - No Outlines Minefield
More Movies Quizzes
Movie Title Endings: Disney
Published
Trending Quizzes
Colored Red Europe Blitz I
Colored Red Africa Blitz II
Colored Red Europe Blitz II
Colored Red Africa Blitz III
Colored Red Europe Blitz III
Recently Updated
How Do You Spell That?
pecheneg
Godzilla Movies
pecheneg
Grab Bag: 4-10 Letters
pecheneg
2024 March Madness Bracket
pecheneg
Famous TV Couples
Peacemaker
Champions League XIs: Real Madrid
pecheneg
Largest US Cities 1790-2010
pecheneg
Rides in Walt Disney World
pecheneg
Most Oscar Losses (Acting)
pecheneg
Beyoncé Albums
pecheneg
Trending Topics
NBA
Marvel
Kpop
Disney
Harry Potter
Crossword
Anime
Country
Soccer
Puzzle
Song
The Office
NFL
Pokémon
WWE
Your Account Isn't Verified!
In order to create a playlist on Sporcle, you need to verify the email address you used during registration. Go to your
Sporcle Settings
to finish the process.
Report this User
Report this user for behavior that violates our
Community Guidelines
.
Details:
Send Report
Go to the Sporcle.com Mobile Site →
Comments